| 000 | 00772nam a22002057a 4500 | ||
|---|---|---|---|
| 005 | 20230202013026.0 | ||
| 008 | 230202b |||||||| |||| 00| 0 eng d | ||
| 020 | _a978-0-07-299690-6 | ||
| 082 | _a174.4 G61 2006 | ||
| 100 |
_aGoodpaster, Kenneth E. _eauthor |
||
| 245 |
_aBusiness ethics: _bpolicies and persons / _cKenneth E, Goodpaster, Laura L. Nash, Henri-Claude de Bettignios |
||
| 250 | _a4th ed. | ||
| 260 |
_aBoston: _bMcGraw-Hill/Irwin, _cc2006. |
||
| 300 |
_axiv, 632p.; _bill.; maps |
||
| 504 | _aIncludes bibliographical references | ||
| 541 | _e468 c.1, 469 c.2, 470 c.3, 471 c.4, 472 c.5, 473 c.6, 474 c.7, 475 c.8, 476 c.9, 477 c.10 | ||
| 650 | _aBusiness ethics | ||
| 700 |
_aNash, Laura, L. _eauthor |
||
| 700 |
_aBettignios, Henrin-Claude _eauthor |
||
| 999 |
_c851 _d851 |
||